000 00507nam a2200205Ia 4500
005 20250425161642.0
008 250425s9999 xx 000 0 und d
020 _a0306309602
041 _aeng
082 _a541.3453
100 _aMORRISON, DONALD F.
245 0 _aTHE CHEMICAL PHYSICS OF SURFACES
250 _a1TH ED.
260 _aEstados Unidos
_bPLENUM PRESS
_c1978
260 _aNEW YORK
300 _a415
650 _aFISICA QUIMICA DE LAS SUPERFICIES
942 _c01
010 _a25127
999 _c213389
_d213389